000 01421nam a22002777a 4500
001 EPSA 300
003 gtcocun
005 20250904175430.0
006 a||||gr|||| 00| 0
007 ta
008 250904b2025 gt ||||| m||| 00| 0 eng d
040 _agtcocun
_bSPA
_cgtcocun
_eRDA
041 _aSPA EPSA 0300
084 _0EPSA 0300
100 _aWaykan Luis Albert Rax Jul
_eAutor
245 _aINFORME FINAL DEL EJERCICIO PROFESIONAL SUPERVISADO, REALIZADO EN DIRECCIÓN GENERAL DE CAMINOS ZONA VIAL 7 UBICADA EN SANTA CRUZ, DEPARTAMENTO DE ALTA VERAPAZ/
_cWaykan Luis Albert Rax Jul
_hImpreso
264 _aCobán, Alta Verapaz:
_bUniversidad de San Carlos de Guatemala, Centro Universitario del Norte, Licenciatura en Administración de Empresas
_c2025
300 _a64 p.:
_bIlustraciones, gráficas.
_c28 cm;
502 _eEPSA 0300
502 _aEjercicio Profesional Supervisado
_bLicenciatura en Administración de Empresas,
_cUniversidad de San Carlos de Guatemala, Centro Universitario del Norte, Licenciatura en Administración de Empresas
_d2025
_oEPSA 0300
650 1 4 _2LEMB
_aSanta Cruz Verapaz, Alta Verapaz
_xAdministración
_xServicio
_xDiagnóstico
_xPriorización
_xProceso
_xTalleres
700 _aLcda. Sayda Lisbeth Lem Hernández
_eAsesor
856 _uSin archivo en línea
_zSin archivo en línea
942 _2ddc
_cTES
_iEPSA 0300
_kClasificación
_n0
_6EPSA_0300_000000000000000
999 _c1680
_d1680